[Event "Padova op-B 3rd"]
[Site "Padova"]
[Date "2000.12.10"]
[Round "6.36"]
[White "Arras, Antonio"]
[Black "Varotto, Adriano"]
[Result "1/2-1/2"]
[WhiteElo "1500"]
[BlackElo "1500"]
[PlyCount "50"]
[EventDate "2000.12.02"]
[EventType "swiss"]
[EventRounds "6"]
[EventCountry "ITA"]
[SourceTitle "EXT 2024"]
[Source "ChessBase"]
[SourceDate "2023.10.10"]
[SourceVersion "1"]
[SourceVersionDate "2023.10.10"]
[SourceQuality "1"]

1. e4 e5 2. Nf3 Nc6 3. Bb5 d6 4. 0-0 Nf6 5. Re1 Bg4 6. c3 a6 7. Bxc6+ bxc6 8. d4 Be7 9. Qd3 Bxf3 10. Qxf3 0-0 11. Bg5 Re8 12. Na3 exd4 13. cxd4 Nd7 14. Bxe7 Qxe7 15. h3 Qf6 16. Qc3 c5 17. Rad1 Rab8 18. dxc5 Qxc3 19. bxc3 Nxc5 20. f3 Rb2 21. Ra1 Nd3 22. Nc4 Rc2 23. Re3 Rxc3 24. Nb2 Rc1+ 25. Rxc1 Nxc1 1/2-1/2

[Event "Padova op-B 3rd"]
[Site "Padova"]
[Date "2000.12.10"]
[Round "5.34"]
[White "Pilotto, Alessandro"]
[Black "Arras, Antonio"]
[Result "1-0"]
[WhiteElo "1600"]
[BlackElo "1500"]
[PlyCount "86"]
[EventDate "2000.12.02"]
[EventType "swiss"]
[EventRounds "6"]
[EventCountry "ITA"]
[SourceTitle "EXT 2024"]
[Source "ChessBase"]
[SourceDate "2023.10.10"]
[SourceVersion "1"]
[SourceVersionDate "2023.10.10"]
[SourceQuality "1"]

1. d4 g6 2. Bf4 Bg7 3. e3 Nf6 4. h3 d6 5. Nf3 b6 6. c4 Ne4 7. Nbd2 Nxd2 8. Qxd2 Bb7 9. Be2 Nd7 10. 0-0 0-0 11. Rab1 Qe8 12. Bh2 e5 13. d5 e4 14. Nd4 Ne5 15. Qc2 Nd7 16. Nb5 Qc8 17. Qxe4 a6 18. Nd4 Nc5 19. Qc2 Qd7 20. Bf3 Qe7 21. b4 Nd7 22. b5 Qg5 23. Bg4 Nc5 24. Nc6 axb5 25. Rxb5 Ra4 26. Rbb1 Bxc6 27. dxc6 Rfa8 28. Bxd6 cxd6 29. Rxb6 f5 30. c7 Rc8 31. Rb8 Ra8 32. Rfb1 Na6 33. Rxa8 Rxa8 34. Bf3 Rc8 35. Bb7 Rxc7 36. Bxa6 h5 37. Qd3 Ra7 38. Qxd6 Kh7 39. a4 f4 40. exf4 Qa5 41. Bb5 Qc3 42. Rd1 Rf7 43. c5 Rxf4 1-0